Tecnología: programa de estudio segundo año básico

Uloženo v:
Podrobná bibliografie
Korporativní autor: Ministerio de Educación (Autor)
Médium: Kniha
Jazyk:španělština
Vydáno: Santiago Ministerio de Educación 2013
Vydání:1a. ed
Témata:
Tagy: Přidat tag
Žádné tagy, Buďte první, kdo vytvoří štítek k tomuto záznamu!

MARC

LEADER 00000cam a2200000 a 4500
001 UCE1863
003 CL-VaPUC
008 140519e20130000cl |||||||||||||||||spa|d
020 |a 9789562924160 
082 0 4 |a 372.358  |b MIN  |2 21 
110 2 |a Ministerio de Educación  |e author  |9 574273 
245 1 0 |a Tecnología: programa de estudio segundo año básico 
250 |a 1a. ed 
300 |a 109 p 
942 |c BK 
945 |d 20140519 10:12:00  |a dcastane 
260 |a Santiago  |b Ministerio de Educación  |c 2013 
650 0 |a Educación básica   |9 224933 
650 0 |a Educación tecnológica  |9 307597 
650 0 |a Métodos de enseñanza  |9 270413 
650 0 |a Reforma educacional   |9 256319 
583 |a last modification  |c 20140519 10:12:00  |k Rodrigo Vera 
999 |c 355547  |d 355545 
952 |0 0  |1 0  |3 erb  |4 0  |6 372_358000000000000_MIN_2013  |7 0  |8 R  |9 462306  |a BIBEDU  |b BIBEDU  |i 5077257  |o 372.358 MIN 2013  |p 5077257  |r 2019-11-23  |w 2019-11-23  |y BK_R  |z Catalogado en:20140519  |k EPE